Watercolour : (Record no. 9216)
[ view plain ]
| 000 -LEADER | |
|---|---|
| fixed length control field | 00519nam a22001817a 4500 |
| 003 - CONTROL NUMBER IDENTIFIER | |
| control field | SISC |
| 005 - DATE AND TIME OF LATEST TRANSACTION | |
| control field | 20160315155210.0 |
| 008 - FIXED-LENGTH DATA ELEMENTS--GENERAL INFORMATION | |
| fixed length control field | 130823t xxu||||| |||| 00| 0 eng d |
| 020 ## - INTERNATIONAL STANDARD BOOK NUMBER | |
| International Standard Book Number | 9781855018716 |
| 050 ## - LIBRARY OF CONGRESS CALL NUMBER | |
| Classification number | ND 2130 |
| Item number | .G144 1995 |
| 082 ## - DEWEY DECIMAL CLASSIFICATION NUMBER | |
| Classification number | HS 751.42 |
| Item number | G11 1994 |
| 100 ## - MAIN ENTRY--PERSONAL NAME | |
| Personal name | Gair, Angela |
| 9 (RLIN) | 12827 |
| 245 ## - TITLE STATEMENT | |
| Title | Watercolour : |
| Remainder of title | a step by step guide to watercolour techniques / |
| Statement of responsibility, etc | Angela Gair. |
| 300 ## - PHYSICAL DESCRIPTION | |
| Extent | 96 p. ; |
| Dimensions | 27 cm. |
| 650 ## - SUBJECT ADDED ENTRY--TOPICAL TERM | |
| Topical term or geographic name as entry element | Practical arts |
| General subdivision | Colour |
| -- | technique |
| 9 (RLIN) | 12828 |
| 942 ## - ADDED ENTRY ELEMENTS (KOHA) | |
| Source of classification or shelving scheme | Library of Congress Classification |
| Koha item type | Books |
| Withdrawn status | Lost status | Source of classification or shelving scheme | Damaged status | Home library | Current library | Shelving location | Date acquired | Total Checkouts | Total Renewals | Full call number | Barcode | Date last seen | Date checked out | Copy number | Price effective from | Koha item type |
|---|---|---|---|---|---|---|---|---|---|---|---|---|---|---|---|---|
| Library of Congress Classification | Luxembourg Library | Luxembourg Library | High School Section | 08/23/2013 | 4 | 1 | ND 2130 .G144 1995 | 1074 | 11/20/2024 | 11/07/2024 | 1 | 08/23/2013 | Books |